000 00525nam a2200205 a 4500
999 _c6104
_d6104
001 6104
003 BD-JhCC
005 20180101193630.0
008 180101s2011 bg |||| |||| 000 0 eng d
035 _a(BD-JhCC)
040 _aBD-JhCC
_dBD-JhCC
041 _aeng
082 _a297.1226
_bBHU 2011
100 _aBhuiyan, Shamsur Rahman
245 _aQuran Meaning in English /
_cShamsur Rahman Bhuiyan
260 _aDhaka :
_bPurabi Offset Press;
_c2011
300 _a426 p,;
_c22 cm
650 _aAl-Quran
942 _2ddc
_cBK